| 000 | 00473nam a2200157 a 4500 | ||
|---|---|---|---|
| 001 | 000030219 | ||
| 005 | 20200930060137.0 | ||
| 008 | 110504s1993 dr acd 000 0 spa d | ||
| 040 |
_aDO-SdBNP _bspa _cBNPHU |
||
| 082 |
_axxx _bF981 |
||
| 110 | 1 |
_aFundación de Desarrollo Agropecuario _916453 |
|
| 245 | 0 | _aInforme anual 1993. | |
| 260 |
_aSanto Domingo : _bFundación de Desarrollo Agropecuario, _c1993. |
||
| 300 |
_a47 p. : _bil., retrs., diag. ; _c28 cm. |
||
| 049 | _aBNPD | ||
| 999 |
_c29711 _d29711 |
||